Normal view
MARC view
- Wilke,Claus O
Entry Personal Name
001 - CONTROL NUMBER
- control field: 6482
003 - CONTROL NUMBER IDENTIFIER
- control field: JO-AjAnu
005 - DATE AND TIME OF LATEST TRANSACTION
- control field: 20230606071342.0
008 - FIXED-LENGTH DATA ELEMENTS
- fixed length control field: 230606|| aca||aabn | a|a d
040 ## - CATALOGING SOURCE
- Original cataloging agency: JO-AjAnu
- Transcribing agency: JO-AjAnu
100 ## - HEADING--PERSONAL NAME
- Personal name: Wilke,Claus O
670 ## - SOURCE DATA FOUND
- Source citation: Work cat.: (JO-AjAnu)3360: Wilke,Claus O, author, Fundamentals of Data Visualization: Aprimer on Making Informative and Compelling Figures